000 00720nam a2200241 i 4500
001 C2-0072226
003 PPAK
005 20190630222208.0
008 970429s1986 nyua|||| ||||| | eng d
020 _a0442282893
040 _aPPAK
_beng
_cPPAK
_erda
082 0 4 _a599.8524
_223
090 0 0 _a599.8524
_bCUR
_dG
245 0 0 _aCurrent perspectives in primate social dynamics
250 _aKind, Frederick A. ; Taub, David M.
264 1 _aNew York :
_bVan Nostrand Reinhold Company ,
_c1986
300 _axx, 531 pages :
_billustrations ;
_c24 cm
336 _2rdacontent
_atext
337 _2rdamedia
_aunmediated
338 _2rdacarrier
_avolume
650 1 0 _aPrimates - behavior - congresses
942 _ddc
_cB
999 _c9288
_d9288